El mundo del futuro / (Record no. 186928)

MARC details
000 -LEADER
campo de control de longitud fija 00909nam a2200253 i 4500
001 - NÚMERO DE CONTROL
campo de control 186928
003 - IDENTIFICADOR DE NÚMERO DE CONTROL
campo de control ES-MaACL
005 - FECHA Y HORA DE LA ÚLTIMA TRANSACCIÓN
campo de control 20250915180943.0
008 - DATOS DE LONGITUD FIJA--INFORMACIÓN GENERAL
campo de control de longitud fija 170301s1970 sp ao |||| | spa d
080 ## - NÚMERO DE LA CLASIFICACIÓN DECIMAL UNIVERSAL
Número de la Clasificación Decimal Universal 001(035)
080 ## - NÚMERO DE LA CLASIFICACIÓN DECIMAL UNIVERSAL
Número de la Clasificación Decimal Universal 930.85:303.733.4
100 1# - ENTRADA PRINCIPAL--NOMBRE DE PERSONA
Nombre de persona Goldstein, Kenneth K.
9 (RLIN) 161933
245 13 - MENCIÓN DEL TÍTULO
Título El mundo del futuro /
Mención de responsabilidad, etc. Kenneth K. Goldstein ; [traducción de María Gloria Rossi].
260 ## - PUBLICACIÓN, DISTRIBUCIÓN, ETC.
Lugar de publicación, distribución, etc. Barcelona :
Nombre del editor, distribuidor, etc. Noguer,
Fecha de publicación, distribución, etc. [1970]
300 ## - DESCRIPCIÓN FÍSICA
Extensión 127 p. :
Otras características físicas il. col. y n., fot. ;
Dimensiones 26 cm.
490 1# - MENCIÓN DE SERIE
Mención de serie International library. Biblioteca de divulgación ;
Designación de volumen o secuencia 1
500 ## - NOTA GENERAL
Nota general Índice.
650 04 - PUNTO DE ACCESO ADICIONAL DE MATERIA--TÉRMINO DE MATERIA
Término de materia o nombre geográfico como elemento de entrada Ciencia-
Subdivisión de forma Obras de divulgación
9 (RLIN) 10959
650 04 - PUNTO DE ACCESO ADICIONAL DE MATERIA--TÉRMINO DE MATERIA
Término de materia o nombre geográfico como elemento de entrada Civilización futura.
9 (RLIN) 11094
700 1# - ENTRADA AGREGADA--NOMBRE PERSONAL
Nombre de persona Rossi Callizo, Gloria .
9 (RLIN) 161934
830 0# - PUNTO DE ACCESO ADICIONAL DE SERIE-TÍTULO UNIFORME
Título uniforme International library. Biblioteca de divulgación ;
Designación de volumen o secuencia 1
9 (RLIN) 192697
852 ## - LOCALIZACIÓN
Ubicación ES-MaACL
Número de control de estantería L-31175
Nota libre - enc. cart.
Holdings
Estatus retirado Estado de pérdida Estado de daño No para préstamo Biblioteca de origen Biblioteca actual Ubicación en estantería Fecha de adquisición Fuente de adquisición Total de préstamos Signatura topográfica completa Código de barras Visto por última vez Precio de reemplazo Tipo de ítem Koha
        Biblioteca del Ateneo de Madrid Biblioteca del Ateneo de Madrid Depósito 2 01/03/2017     L-31175 1197168 23/02/2023 23/02/2023 Libro impreso